000
00286nam a22001337a 4500
008
171211b xxu||||| |||| 00| 0 eng d
020
_a
9781118134900
041
_a
eng
080
_2
3RD
_a
51
100
_a
36
101
_a
MAT
245
_a
COLLEGE ALGEBRA
_c
YOUNG,C
942
_2
udc
_c
BK
999
_c
38859
_d
38859